| 000 | 01477cam a22003011i 4500 | ||
|---|---|---|---|
| 003 | SA-RiAUC | ||
| 005 | 20260217124138.0 | ||
| 008 | 260216s2001 su f i10010 ara c | ||
| 020 | _z9960322169 | ||
| 024 | 0 | _a22/5493 | |
| 040 |
_aSA-JeALM _bara _cSA-RiAUC _erda |
||
| 043 | _aa-my--- | ||
| 072 | 7 | _a036 | |
| 082 | 0 | 4 | _a252.506809595 |
| 090 |
_a252.506809595 _bق ا ع |
||
| 111 | 2 |
_aقاعة بحث حول تنظيم وإدارة صندوق الحج وشؤون الحجيج بماليزيا _cجدة، السعودية) _d( 1422 هجري : |
|
| 245 | 1 | 0 |
_aوقائع قاعة البحث بشأن تنظيم وإدارة هيئة إدارة صندوق الحج وشؤون الحجيج بماليزيا / _cالمعهد الإسلامي للبحوث والتدريب. |
| 264 | 1 |
_aجدة، السعودية : _bالبنك الإسلامي للتنمية - المعهد الإسلامي للبحوث والتدريب، _c1987 |
|
| 300 |
_a127 صفحة ؛ _c24 سم |
||
| 336 |
_aنص _btxt _2rdacontent _3كتاب |
||
| 337 |
_aبدون وسيط _bn _2rdamedia |
||
| 610 | 2 | 7 |
_aهيئة إدارة صندوق الحج وشؤون الحجيج (ماليزيا) _2aucnm |
| 650 | 7 |
_aالحجاج الماليزيون _vمؤتمرات _2aucsh |
|
| 650 | 7 |
_aالحج _zماليزيا _xإدارة _vمؤتمرات _2aucsh |
|
| 710 | 2 |
_aالمعهد الإسلامي للبحوث والتدريب _eمنظم. |
|
| 942 |
_2ddc _cBOOK _n0 |
||
| 949 |
_aSA-JeALM _d260216 _uosman123 _n1 |
||
| 999 |
_c14356 _d14356 |
||